| 000 | 00554nam a2200217Ia 4500 | ||
|---|---|---|---|
| 003 | OSt | ||
| 005 | 20240415142505.0 | ||
| 008 | 210210b1852 xxu||||| |||| 00| 0 eng d | ||
| 040 | _cAL | ||
| 041 | _akan | ||
| 082 | _a852/666 | ||
| 100 |
_a- _968957 |
||
| 245 | _aKannada gadegalu ಕನ್ನಡ ಗಾದೆಗಳು | ||
| 260 |
_aMangalore _bNot Mentioned _c1852 |
||
| 300 |
_a109 p. _bHB _c30x21 cm. |
||
| 650 |
_aKannada _968958 |
||
| 650 |
_agadegalu _968959 |
||
| 690 |
_aKannada Miscellaneous _968960 |
||
| 906 | _a019231 | ||
| 942 |
_2ddc _cBK |
||
| 999 |
_c147604 _d147604 |
||